000 00909pam a2200301 a 4500
999 _c5824
_d5824
001 015973480
003 Uk
005 20251118095507.0
008 111118s2012 enkacfj 001 0ceng c
020 _a9780743254397
035 _a(WlAbNL)vtls006296052
038 _aUk
040 _aStDuBDS
_beng
_cStDuBDS
_dWlAbNL
_dUk
_dKH8
042 _aukscp
082 0 4 _a951.050 CHA
_223
100 1 _aChang, Jung,
_d1952-
_eauthor.
245 1 0 _aWild swans :
_bthree daughters of China /
_cJung Chang.
260 _aLondon :
_bHarperPress,
_c2012.
300 _axxiv, 688 p., [16] p. of plates :
_bill., geneal tables, map, ports. ;
_c20 cm.
336 _atext
_2rdacontent
337 _aunmediated
_2rdamedia
338 _avolume
_2rdacarrier
500 _aIncludes index.
600 1 0 _aChang, Jung,
_d1952-
650 0 _aWomen
_zChina
_vBiography.
651 0 _aChina
_xHistory
_y20th century.
942 _2ddc
_cNFIC